| 000 | 00653cam a2200217 i 4500 | ||
|---|---|---|---|
| 001 | 2249422 | ||
| 005 | 20180306082653.0 | ||
| 008 | 770915s1977 caua bc l000 0 eng | ||
| 010 | _a 77075331 | ||
| 020 | _a0875870805 | ||
| 040 |
_aDLC _cDLC _dDLC |
||
| 041 | _aeng | ||
| 080 | _a738.5094 GON | ||
| 082 | 0 | 0 | _a738.5094 GON |
| 100 | _a44 | ||
| 101 | _aART | ||
| 245 | 1 | 4 |
_aThe art of mosaics : _cAlvar Gonzalez-Palacios. |
| 504 | _aBibliography: p. [8] | ||
| 906 |
_a7 _bcbc _corignew _d2 _eopcn _f19 _gy-gencatlg |
||
| 942 |
_2ddc _cBK |
||
| 999 |
_c44206 _d44206 |
||